000 00805nam a2200217Ia 4500
999 _c39274
_d39274
001 5860
003 GE_BSU
005 20190917112702.0
008 181216s1987||||ge |||||||||||||| ||GEO||
040 _cGE_BSU
041 _ageo
080 _a821.353.1-1 ა-54
100 _aალხაზიშვილი, გ.
_94047
245 _aაღმოცენება :
_bლექსები /
_cგ. ალხაზიშვილი ; რედ. ე. ფალიანი.
264 _aთბილისი :
_bსაბჭოთა საქართველო ;
_c1987.
300 _a223 გვ. ;
_c20 სმ.
653 _aაღმოცენება
653 _aლექსები
700 _aფალიანი, ე.
_eრედაქტორი
_94048
942 _cBK
_2udc